| 000 | 00764nam a2200217 a 4500 | ||
|---|---|---|---|
| 005 | 20151125045758.0 | ||
| 008 | 140114b1997 ck ||||| |||| 00| 0 spa d | ||
| 040 |
_aCO-BoIAVH _cCO-BoIAVH |
||
| 041 | _aspa | ||
| 044 | _ack | ||
| 090 |
_aLB _b00105 |
||
| 110 |
_bInstituto de Hidrología, Meteorología y Estudios Ambientales _942962 |
||
| 245 | _aEfectos sobre el medio físico natural de Colombia ocasionados por el fenómeno El Niño durante el periodo marzo-noviembre de 1997 y proyección de los posibles efectos en los próximos meses | ||
| 260 |
_aBogotá _bIDEAM _c1997 |
||
| 300 | _a32 p. | ||
| 650 |
_aFenómeno de El Niño _93883 |
||
| 650 |
_aMedio ambiente _942963 |
||
| 650 |
_aImpacto ambiental _942964 |
||
| 662 | _aColombia | ||
| 942 |
_cINFORME _2z |
||
| 999 |
_c125 _d125 |
||